[Event "CZE-ch blitz (Women)"]
[Site "Prague"]
[Date "2018.12.22"]
[Round "15"]
[White "Worek, Joanna"]
[Black "Saffova, Michaela"]
[Result "1-0"]
[WhiteElo "2304"]
[BlackElo "1782"]
[PlyCount "49"]
[EventDate "2018.12.22"]
[EventType "swiss (blitz)"]
[EventRounds "15"]
[EventCountry "CZE"]
[SourceTitle "CBM 187 Extra"]
[Source "ChessBase"]
[SourceDate "2018.11.04"]
[SourceVersion "1"]
[SourceVersionDate "2018.11.04"]
[SourceQuality "1"]

1. d4 e6 2. c4 f5 3. Nc3 Nf6 4. Nf3 c6 5. g3 d5 6. b3 g6 7. Bg2 Bg7 8. 0-0 0-0 9. Bf4 Nbd7 10. Rc1 Ne4 11. cxd5 exd5 12. b4 Ndf6 13. a4 Qb6 14. Qb3 Be6 15. a5 Qd8 16. b5 Bf7 17. a6 Qb6 18. axb7 Qxb7 19. Rb1 cxb5 20. Nxb5 a6 21. Nd6 Qxb3 22. Rxb3 a5 23. Ra1 Ne8 24. Nb5 N8f6 25. Rba3 1-0

[Event "CZE-chT2B 1617"]
[Site "Czech Republic"]
[Date "2017.01.15"]
[Round "6.8"]
[White "Lustinec, Vladimir"]
[Black "Saffova, Michaela"]
[Result "1/2-1/2"]
[WhiteElo "1936"]
[BlackElo "1830"]
[PlyCount "85"]
[EventDate "2016.10.09"]
[EventType "team-tourn"]
[EventRounds "11"]
[EventCountry "CZE"]
[SourceTitle "EXT 2022"]
[Source "ChessBase"]
[SourceDate "2021.10.06"]
[SourceVersion "1"]
[SourceVersionDate "2021.10.06"]
[SourceQuality "1"]
[WhiteTeam "Horice"]
[BlackTeam "Teplice"]
[WhiteTeamCountry "CZE"]
[BlackTeamCountry "CZE"]

1. e4 e6 2. d4 d5 3. Nd2 Nf6 4. exd5 exd5 5. Bd3 Bd6 6. Ne2 0-0 7. 0-0 Nbd7 8. Nf3 Ne4 9. c4 c6 10. Qc2 f5 11. Bf4 Qc7 12. g3 Ndf6 13. Bxd6 Nxd6 14. c5 Nde4 15. Ne5 Nd7 16. Nxd7 Bxd7 17. f3 Ng5 18. h4 Nf7 19. Bxf5 Bxf5 20. Qxf5 Rae8 21. Qd3 Nh6 22. f4 Nf5 23. Rf3 Re4 24. Rd1 Qe7 25. Rd2 Re8 26. Kf2 Ne3 27. Nc3 Ng4+ 28. Kg2 Re1 29. Nd1 Re2+ 30. Rxe2 Qxe2+ 31. Qxe2 Rxe2+ 32. Kf1 Rd2 33. Ke1 Rxd4 34. b3 Nf6 35. Nc3 Ne4 36. Nxe4 Rxe4+ 37. Kd2 Kf7 38. a3 Kf6 39. Kd3 Kf5 40. Kd2 b6 41. cxb6 axb6 42. Rd3 d4 43. b4 1/2-1/2

[Event "Teplice op 8th"]
[Site "Teplice"]
[Date "2013.06.19"]
[Round "5"]
[White "Klimek, Petr"]
[Black "Saffova, Michaela"]
[Result "1/2-1/2"]
[WhiteElo "1862"]
[BlackElo "1717"]
[PlyCount "67"]
[EventDate "2013.06.15"]
[EventType "swiss"]
[EventRounds "9"]
[EventCountry "CZE"]
[SourceTitle "CBM 155 Extra"]
[Source "ChessBase"]
[SourceDate "2013.08.26"]
[SourceVersion "1"]
[SourceVersionDate "2013.08.26"]
[SourceQuality "1"]

1. e4 e6 2. d4 d5 3. Nc3 Bb4 4. exd5 exd5 5. Bd3 Nf6 6. Nge2 0-0 7. a3 Bd6 8. 0-0 c6 9. Bf4 Qc7 10. Qd2 Nbd7 11. Bxd6 Qxd6 12. Qf4 Qxf4 13. Nxf4 Nb6 14. Rfe1 Bd7 15. f3 Rae8 16. Kf2 Rxe1 17. Rxe1 Re8 18. Rxe8+ Nxe8 19. b3 Nd6 20. g4 h6 21. Nh5 Nbc8 22. Ne2 Ne7 23. c4 b6 24. c5 Ne8 25. b4 g6 26. Nhg3 Kg7 27. Nc3 Nc7 28. cxb6 axb6 29. a4 b5 30. axb5 cxb5 31. Nf1 Na6 32. Bxb5 Bxb5 33. Nxb5 Nxb4 34. Ne3 1/2-1/2

[Event "EU-ch U18 Girls"]
[Site "Prague"]
[Date "2012.08.25"]
[Round "9"]
[White "Saffova, Michaela"]
[Black "Grigoryan, Julieta"]
[Result "1/2-1/2"]
[WhiteElo "1756"]
[BlackElo "1838"]
[PlyCount "93"]
[EventDate "2012.08.17"]
[EventType "swiss"]
[EventRounds "9"]
[EventCountry "CZE"]
[SourceTitle "CBM 150 Extra"]
[Source "ChessBase"]
[SourceDate "2012.10.19"]
[SourceVersion "1"]
[SourceVersionDate "2012.10.19"]
[SourceQuality "1"]

1. e4 e6 2. d4 d5 3. exd5 exd5 4. Bd3 Bd6 5. Ne2 Nf6 6. Bf4 0-0 7. 0-0 Re8 8. Bxd6 Qxd6 9. Ng3 Nc6 10. c3 Ne7 11. Na3 c6 12. Nc2 Ng6 13. Ne3 Bd7 14. Qc2 Nf4 15. Bf5 Bxf5 16. Ngxf5 Qd7 17. g3 Nh3+ 18. Kg2 Ng5 19. h4 Nge4 20. f3 Nd6 21. Rae1 Nxf5 22. Qxf5 Re6 23. Qb1 Rae8 24. Nc2 Re2+ 25. Rf2 Rxe1 26. Nxe1 Qd6 27. Qd1 Nh5 28. f4 Qg6 29. Rf3 Re4 30. Nd3 Qe6 31. Rf2 Nf6 32. Nc5 Re1 33. Nxe6 Rxd1 34. Nd8 Ne4 35. Re2 Rd3 36. Nxb7 Rxg3+ 37. Kh2 Rg4 38. Nd8 Rxh4+ 39. Kg2 Rh6 40. c4 Rd6 41. Nb7 Rg6+ 42. Kh2 h5 43. cxd5 cxd5 44. Nc5 f5 45. b4 Kh7 46. a4 Rg4 47. Ne6 1/2-1/2

[Event "EU-ch U18 Girls"]
[Site "Prague"]
[Date "2012.08.20"]
[Round "4"]
[White "Zpevakova, Jana"]
[Black "Saffova, Michaela"]
[Result "1-0"]
[WhiteElo "1901"]
[BlackElo "1756"]
[PlyCount "83"]
[EventDate "2012.08.17"]
[EventType "swiss"]
[EventRounds "9"]
[EventCountry "CZE"]
[SourceTitle "CBM 150 Extra"]
[Source "ChessBase"]
[SourceDate "2012.10.19"]
[SourceVersion "1"]
[SourceVersionDate "2012.10.19"]
[SourceQuality "1"]

1. d4 f5 2. g3 Nf6 3. Bg2 d5 4. Nf3 e6 5. 0-0 Bd6 6. b3 0-0 7. e3 Nbd7 8. Bb2 Ne4 9. c4 c6 10. Nbd2 Ndf6 11. Ne1 Bd7 12. Nd3 Be8 13. Nf3 g5 14. Nfe5 Nd7 15. f3 Nef6 16. Qd2 h6 17. Rae1 c5 18. Nxd7 Nxd7 19. dxc5 Nxc5 20. Nxc5 Bxc5 21. Qc3 d4 22. exd4 Be7 23. Rxe6 Kh7 24. d5 Rg8 25. Rfe1 Bc5+ 26. Kh1 Bg6 27. b4 Bf8 28. Qd2 b6 29. Bf6 Qc8 30. Qc3 a5 31. a3 axb4 32. axb4 Qb8 33. c5 bxc5 34. bxc5 Qb5 35. d6 Re8 36. Bd4 Bf7 37. R6e5 Bg7 38. Re7 Bxd4 39. Qxd4 Rg7 40. d7 Rd8 41. Qd6 Qb4 42. Qc7 1-0

[Event "EU-ch U18 Girls"]
[Site "Prague"]
[Date "2012.08.19"]
[Round "3"]
[White "Saffova, Michaela"]
[Black "Haitovich, Avital"]
[Result "0-1"]
[WhiteElo "1756"]
[BlackElo "1874"]
[PlyCount "118"]
[EventDate "2012.08.17"]
[EventType "swiss"]
[EventRounds "9"]
[EventCountry "CZE"]
[SourceTitle "CBM 150 Extra"]
[Source "ChessBase"]
[SourceDate "2012.10.19"]
[SourceVersion "1"]
[SourceVersionDate "2012.10.19"]
[SourceQuality "1"]

1. e4 c5 2. c3 Nf6 3. e5 Nd5 4. d4 cxd4 5. Nf3 g6 6. cxd4 Bg7 7. Bc4 Nb6 8. Bb3 d6 9. 0-0 0-0 10. Bf4 Nc6 11. h3 Bf5 12. Nc3 Nb4 13. exd6 exd6 14. Qd2 Qd7 15. a3 Na6 16. Kh2 h5 17. Rfe1 Nc7 18. Ng5 Ne6 19. Nxe6 Bxe6 20. Bxe6 fxe6 21. Bg3 d5 22. Qd3 Rf5 23. Qe3 e5 24. dxe5 d4 25. e6 Qe8 26. Qe4 dxc3 27. Qxb7 c2 28. Rac1 Rc5 29. b4 Rc6 30. Re2 Rac8 31. Qxa7 Bb2 32. Be5 Bxe5+ 33. Rxe5 Rxe6 34. Rc5 Rec6 35. R1xc2 Rxc5 36. Rxc5 Rxc5 37. bxc5 Qe5+ 38. Kg1 Qxc5 39. g3 Qd6 40. Qa6 Qc7 41. a4 Kg7 42. Qb5 Nc4 43. Qb4 Kf7 44. Qb3 Ke7 45. Qc2 Qc6 46. Qa2 Kd6 47. Qc2 Kc5 48. Kh2 Kb4 49. f3 Qd6 50. Qe4 Kc3 51. f4 Qd2+ 52. Qg2 Qd3 53. g4 h4 54. Qf2 Ne3 55. a5 Qd4 56. Kg1 Qd1+ 57. Kh2 Qd4 58. Kg1 Kd3 59. Qxh4 Qa1+ 0-1

[Event "EU-ch U18 Girls"]
[Site "Prague"]
[Date "2012.08.18"]
[Round "2"]
[White "Kaliadzich, Maryia"]
[Black "Saffova, Michaela"]
[Result "1-0"]
[WhiteElo "1915"]
[BlackElo "1756"]
[PlyCount "89"]
[EventDate "2012.08.17"]
[EventType "swiss"]
[EventRounds "9"]
[EventCountry "CZE"]
[SourceTitle "CBM 150 Extra"]
[Source "ChessBase"]
[SourceDate "2012.10.19"]
[SourceVersion "1"]
[SourceVersionDate "2012.10.19"]
[SourceQuality "1"]

1. e4 e6 2. d3 d5 3. Nd2 c5 4. g3 Nc6 5. Bg2 Be7 6. Ngf3 Nf6 7. 0-0 0-0 8. Re1 h6 9. e5 Nd7 10. Nf1 Qc7 11. Qe2 b6 12. h4 Bb7 13. Bf4 Rfe8 14. N1h2 Bf8 15. Ng4 Ne7 16. c3 Ng6 17. Bd2 f5 18. exf6 Nxf6 19. Nxf6+ gxf6 20. h5 Nh8 21. Nh2 Qg7 22. Ng4 Nf7 23. c4 Rad8 24. cxd5 Bxd5 25. Bc3 e5 26. Bxd5 Rxd5 27. Ne3 Rdd8 28. Nf5 Qg5 29. g4 Qf4 30. Bd2 Qa4 31. Bc3 Qf4 32. a4 Ng5 33. Kg2 e4 34. Bxf6 Rxd3 35. Bxg5 Qxg5 36. Rad1 Rxd1 37. Rxd1 Qf6 38. Rd7 a5 39. Qc4+ Qe6 40. Qxe6+ Rxe6 41. b3 Rf6 42. Kg3 Rc6 43. Kf4 Re6 44. g5 hxg5+ 45. Kxg5 1-0

[Event "Teplice op 7th"]
[Site "Teplice"]
[Date "2012.06.22"]
[Round "7"]
[White "Saffova, Michaela"]
[Black "Rychtecky, Pavel"]
[Result "1/2-1/2"]
[WhiteElo "1797"]
[BlackElo "1728"]
[PlyCount "50"]
[EventDate "2012.06.16"]
[EventType "swiss"]
[EventRounds "9"]
[EventCountry "CZE"]
[SourceTitle "CBM 149 Extra"]
[Source "ChessBase"]
[SourceDate "2012.08.24"]
[SourceVersion "1"]
[SourceVersionDate "2012.08.24"]
[SourceQuality "1"]

1. e4 c5 2. c3 d5 3. exd5 Qxd5 4. d4 Nf6 5. Nf3 Nc6 6. Be2 cxd4 7. cxd4 e6 8. 0-0 Be7 9. Nc3 Qd8 10. Be3 0-0 11. Rc1 Bd7 12. a3 Rc8 13. d5 Nxd5 14. Nxd5 exd5 15. Qxd5 Be6 16. Qb5 Rc7 17. Bf4 Rd7 18. Rfd1 a6 19. Rxd7 Qxd7 20. Qb6 Bd8 21. Qc5 Be7 22. Qb6 Bd8 23. Qc5 Be7 24. Qb6 Bd8 25. Qc5 Be7 1/2-1/2

[Event "Teplice op 7th"]
[Site "Teplice"]
[Date "2012.06.18"]
[Round "3"]
[White "Bartos, Vaclav"]
[Black "Saffova, Michaela"]
[Result "1-0"]
[WhiteElo "1664"]
[BlackElo "1797"]
[PlyCount "89"]
[EventDate "2012.06.16"]
[EventType "swiss"]
[EventRounds "9"]
[EventCountry "CZE"]
[SourceTitle "CBM 149 Extra"]
[Source "ChessBase"]
[SourceDate "2012.08.24"]
[SourceVersion "1"]
[SourceVersionDate "2012.08.24"]
[SourceQuality "1"]

1. Nf3 d5 2. g3 Nc6 3. Bg2 e5 4. d3 Bc5 5. 0-0 Nge7 6. c3 0-0 7. d4 exd4 8. cxd4 Bd6 9. Nc3 h6 10. Bd2 a6 11. Rc1 Bg4 12. e3 Qd7 13. Na4 b6 14. Qb3 Rab8 15. Qd3 a5 16. Qb5 Rfc8 17. a3 Nd8 18. Qxd7 Bxd7 19. Nc3 c5 20. e4 cxd4 21. Nxd5 Nxd5 22. exd5 Bb5 23. Rfe1 d3 24. Nd4 Ba6 25. Re8+ Kh7 26. Rxc8 Rxc8 27. Nc6 Nxc6 28. Rxc8 Bxc8 29. dxc6 f5 30. Kf1 Ba6 31. Ke1 Kg8 32. Be3 Bc5 33. Bxc5 bxc5 34. Bd5+ Kf8 35. Be6 g6 36. c7 Ke7 37. c8Q Bxc8 38. Bxc8 Kd6 39. Kd2 c4 40. a4 Kc5 41. Kc3 Kd5 42. f3 Kc6 43. Ba6 Kc5 44. Bxc4 d2 45. Be2 1-0

[Event "Teplice op 7th"]
[Site "Teplice"]
[Date "2012.06.17"]
[Round "2"]
[White "Saffova, Michaela"]
[Black "Smolik, Boris"]
[Result "0-1"]
[WhiteElo "1797"]
[BlackElo "1978"]
[PlyCount "58"]
[EventDate "2012.06.16"]
[EventType "swiss"]
[EventRounds "9"]
[EventCountry "CZE"]
[SourceTitle "CBM 149 Extra"]
[Source "ChessBase"]
[SourceDate "2012.08.24"]
[SourceVersion "1"]
[SourceVersionDate "2012.08.24"]
[SourceQuality "1"]

1. e4 c5 2. c3 d5 3. exd5 Qxd5 4. d4 Nf6 5. Nf3 Bg4 6. Be2 e6 7. Be3 cxd4 8. Bxd4 Nc6 9. Bxf6 Qxd1+ 10. Bxd1 gxf6 11. Nbd2 Rd8 12. h3 Bf5 13. Ba4 Bc5 14. 0-0 Rg8 15. Kh1 Bd3 16. Rfd1 Bxf2 17. Nb3 Ke7 18. Bxc6 bxc6 19. Nbd4 Be4 20. Ne2 Rxd1+ 21. Rxd1 Rd8 22. Rxd8 Kxd8 23. Nd2 f5 24. Nf3 f6 25. Kh2 e5 26. Nd2 Bd3 27. Nc1 e4 28. Nxd3 exd3 29. Nc4 f4 0-1

[Event "Teplice op 6th"]
[Site "Teplice"]
[Date "2011.06.19"]
[Round "9"]
[White "Mejzr, Jan"]
[Black "Saffova, Michaela"]
[Result "1/2-1/2"]
[WhiteElo "1931"]
[BlackElo "1822"]
[PlyCount "98"]
[EventDate "2011.06.11"]
[EventType "swiss"]
[EventRounds "9"]
[EventCountry "CZE"]
[SourceTitle "CBM 142 Extra"]
[Source "ChessBase"]
[SourceDate "2011.06.27"]
[SourceVersion "1"]
[SourceVersionDate "2011.06.27"]
[SourceQuality "1"]

1. e4 e6 2. d4 d5 3. exd5 exd5 4. Bd3 Bd6 5. Nf3 Ne7 6. 0-0 0-0 7. h3 Bf5 8. Bg5 f6 9. Bh4 c6 10. Qe2 Bxd3 11. Qxd3 Qc7 12. Nfd2 Na6 13. a3 Rae8 14. b4 Ng6 15. Bg3 Bxg3 16. fxg3 Qe7 17. Nb3 Nc7 18. N1d2 b6 19. Rf3 Rf7 20. Rc1 Qd7 21. c4 Rfe7 22. c5 Re1+ 23. Rxe1 Rxe1+ 24. Kf2 Re7 25. Re3 Nf8 26. Rxe7 Qxe7 27. Qe3 Qxe3+ 28. Kxe3 Nfe6 29. Kd3 Kf7 30. a4 Ke7 31. cxb6 axb6 32. a5 bxa5 33. bxa5 Kd6 34. Nb1 c5 35. dxc5+ Nxc5+ 36. Nxc5 Kxc5 37. Nc3 Na6 38. Na4+ Kb5 39. Nb6 Kxa5 40. Nxd5 Kb5 41. Nf4 g6 42. Nd5 Nc5+ 43. Ke3 Nd7 44. Nc7+ Kc6 45. Ne8 Kd5 46. Kf4 Ke6 47. h4 Nc5 48. h5 Nd3+ 49. Ke3 Ne5 1/2-1/2

[Event "Teplice op 6th"]
[Site "Teplice"]
[Date "2011.06.17"]
[Round "7"]
[White "Kochert, Bedrich"]
[Black "Saffova, Michaela"]
[Result "1/2-1/2"]
[WhiteElo "1750"]
[BlackElo "1822"]
[PlyCount "92"]
[EventDate "2011.06.11"]
[EventType "swiss"]
[EventRounds "9"]
[EventCountry "CZE"]
[SourceTitle "CBM 142 Extra"]
[Source "ChessBase"]
[SourceDate "2011.06.27"]
[SourceVersion "1"]
[SourceVersionDate "2011.06.27"]
[SourceQuality "1"]

1. e4 e6 2. Nf3 d5 3. exd5 exd5 4. Bb5+ c6 5. Be2 Bd6 6. d4 Ne7 7. Bg5 0-0 8. Nbd2 f6 9. Bh4 Bf5 10. Bg3 Ng6 11. Bxd6 Qxd6 12. 0-0 Nd7 13. g3 Rae8 14. Re1 Re7 15. Bf1 Rfe8 16. Rxe7 Rxe7 17. c3 b6 18. Bg2 Ndf8 19. Nf1 Ne6 20. Ne3 Be4 21. Ne1 Nc7 22. f3 Bb1 23. Qd2 Qe6 24. Rxb1 Qxe3+ 25. Qxe3 Rxe3 26. Kf2 Re7 27. Nd3 Ne8 28. Nb4 Rc7 29. f4 Nd6 30. Nxc6 h6 31. Bxd5+ Kf8 32. Nb4 Ne7 33. Bf3 Rc8 34. Nd5 Nc6 35. Ne3 Ne7 36. Re1 Kf7 37. Bd5+ Kf8 38. Be6 Rd8 39. Kf3 b5 40. g4 a5 41. Nf5 Nexf5 42. Bxf5 Nc4 43. Re2 g5 44. b3 Nd6 45. fxg5 hxg5 46. Bd3 Kf7 1/2-1/2

[Event "Teplice op 6th"]
[Site "Teplice"]
[Date "2011.06.13"]
[Round "3"]
[White "Hozda, David"]
[Black "Saffova, Michaela"]
[Result "1/2-1/2"]
[WhiteElo "2000"]
[BlackElo "1822"]
[PlyCount "60"]
[EventDate "2011.06.11"]
[EventType "swiss"]
[EventRounds "9"]
[EventCountry "CZE"]
[SourceTitle "CBM 142 Extra"]
[Source "ChessBase"]
[SourceDate "2011.06.27"]
[SourceVersion "1"]
[SourceVersionDate "2011.06.27"]
[SourceQuality "1"]

1. e4 e6 2. d4 d5 3. Nc3 Bb4 4. exd5 exd5 5. Bd3 Ne7 6. Qh5 h6 7. Nge2 c6 8. Bg5 Nd7 9. 0-0-0 Nb6 10. a3 Bd6 11. f4 Qc7 12. Bxe7 Bxe7 13. Rhe1 Bd7 14. g3 Rf8 15. Ng1 Qd6 16. Nf3 0-0-0 17. Ne5 Be8 18. Qg4+ Bd7 19. Nxd7 Nxd7 20. Qxg7 Bf6 21. Qg4 Bxd4 22. Na2 Kb8 23. Bf5 Bf6 24. Re2 Nb6 25. Qf3 Nc4 26. c3 Rfe8 27. Nb4 a5 28. Nc2 Rxe2 29. Qxe2 Qe7 30. Qxe7 Bxe7 1/2-1/2

[Event "CZE-chTW U20 1011"]
[Site "Czech Republic"]
[Date "2010.11.27"]
[Round "5.6"]
[White "Hatasova, Michaela"]
[Black "Saffova, Michaela"]
[Result "0-1"]
[WhiteElo "1599"]
[BlackElo "1833"]
[PlyCount "94"]
[EventDate "2010.10.02"]
[EventType "team-tourn"]
[EventRounds "11"]
[EventCountry "CZE"]
[SourceTitle "EXT 2012"]
[Source "ChessBase"]
[SourceDate "2011.11.24"]
[SourceVersion "1"]
[SourceVersionDate "2011.11.24"]
[SourceQuality "1"]
[WhiteTeam "Kladno (U20)"]
[BlackTeam "Udlice (U20)"]
[WhiteTeamCountry "CZE"]
[BlackTeamCountry "CZE"]

1. e4 e6 2. d4 d5 3. Nd2 Nf6 4. e5 Nfd7 5. Bd3 c5 6. c3 Nc6 7. Ne2 cxd4 8. cxd4 Be7 9. 0-0 0-0 10. Nf3 f6 11. exf6 Nxf6 12. Re1 Bd6 13. Nf4 Bxf4 14. Bxf4 Ne4 15. Bg3 Nxg3 16. hxg3 Bd7 17. Qd2 Qf6 18. Re2 Rae8 19. Ng5 g6 20. Nf3 Nxd4 21. Nxd4 Qxd4 22. Kh2 e5 23. f3 Bc6 24. Rc1 Kg7 25. Re3 Rf7 26. Qe2 Rfe7 27. Rd1 Qc5 28. Qe1 Qd6 29. Re2 Qf6 30. Rf2 Rf7 31. Kg1 Qg5 32. Kh2 e4 33. f4 Qh5+ 34. Kg1 exd3 35. Qc3+ Kg8 36. Qxd3 Qf5 37. Qd4 a6 38. b3 Rfe7 39. Qd2 Qg4 40. Kh2 Re2 41. Rxe2 Rxe2 42. Qd4 Re4 43. Qd3 Qe2 44. Qb1 Re3 45. Rc1 Qg4 46. Kg1 Qxg3 47. Rf1 d4 0-1

[Event "CZE-chTW U20 1011"]
[Site "Czech Republic"]
[Date "2010.10.03"]
[Round "4.6"]
[White "Kozusek, Daniel"]
[Black "Saffova, Michaela"]
[Result "0-1"]
[WhiteElo "1705"]
[BlackElo "1833"]
[PlyCount "120"]
[EventDate "2010.10.02"]
[EventType "team-tourn"]
[EventRounds "11"]
[EventCountry "CZE"]
[SourceTitle "EXT 2012"]
[Source "ChessBase"]
[SourceDate "2011.11.24"]
[SourceVersion "1"]
[SourceVersionDate "2011.11.24"]
[SourceQuality "1"]
[WhiteTeam "Polabiny (U20)"]
[BlackTeam "Udlice (U20)"]
[WhiteTeamCountry "CZE"]
[BlackTeamCountry "CZE"]

1. c4 f5 2. g3 Nf6 3. Bg2 g6 4. Nc3 Bg7 5. d3 0-0 6. Nf3 Nc6 7. 0-0 e5 8. a3 d6 9. b4 Be6 10. Ng5 Bd7 11. Bb2 h6 12. Nf3 Qe8 13. Nd2 g5 14. Nb3 a6 15. Qd2 f4 16. b5 Nd8 17. a4 Nh5 18. Ba3 g4 19. Bd5+ Kh8 20. bxa6 Rxa6 21. Nb5 Bxb5 22. axb5 Ra7 23. b6 cxb6 24. Bxd6 Rxa1 25. Rxa1 Rf6 26. Qb4 Bf8 27. Bxf8 Qxf8 28. Qxf8+ Rxf8 29. Nd2 Nf6 30. Bg2 Nc6 31. Rb1 Nd7 32. Bd5 Nd4 33. e3 Ne2+ 34. Kg2 f3+ 35. Kf1 Nc3 36. Rc1 Ne2 37. Rb1 Nc3 38. Ra1 Nc5 39. Ra3 Nxd5 40. cxd5 Rd8 41. e4 Rc8 42. Nc4 Nd7 43. Ra1 Kg7 44. Nd6 Rc3 45. Rd1 Nc5 46. Nc4 Rxd3 47. Rxd3 Nxd3 48. Nxb6 Nc5 49. Nc4 Kf6 50. Nd6 b6 51. Ke1 Nd3+ 52. Kf1 h5 53. Nb5 Ke7 54. Na3 Nc5 55. Nc4 Nxe4 56. Nxe5 Kd6 57. Nd3 Kxd5 58. Nf4+ Kd4 59. Nxh5 b5 60. Nf4 b4 0-1

[Event "CZE-chTW U20 1011"]
[Site "Czech Republic"]
[Date "2010.10.02"]
[Round "2.6"]
[White "Pajersky, Michal"]
[Black "Saffova, Michaela"]
[Result "1/2-1/2"]
[WhiteElo "1708"]
[BlackElo "1833"]
[PlyCount "81"]
[EventDate "2010.10.02"]
[EventType "team-tourn"]
[EventRounds "11"]
[EventCountry "CZE"]
[SourceTitle "EXT 2012"]
[Source "ChessBase"]
[SourceDate "2011.11.24"]
[SourceVersion "1"]
[SourceVersionDate "2011.11.24"]
[SourceQuality "1"]
[WhiteTeam "Liberec (U20)"]
[BlackTeam "Udlice (U20)"]
[WhiteTeamCountry "CZE"]
[BlackTeamCountry "CZE"]

1. d4 f5 2. c4 Nf6 3. Nf3 g6 4. g3 Bg7 5. Bg2 0-0 6. 0-0 e6 7. Nc3 Nc6 8. Qc2 d5 9. cxd5 exd5 10. Bf4 Ne4 11. Rad1 Re8 12. Rfe1 g5 13. Nxe4 gxf4 14. Nc5 fxg3 15. hxg3 Qf6 16. Nb3 f4 17. Nh4 Be6 18. Nf3 fxg3 19. fxg3 Bh6 20. Qc3 Bg4 21. Ne5 Nxe5 22. dxe5 Qxe5 23. Qxe5 Rxe5 24. Bxd5+ Kg7 25. Bxb7 Rae8 26. Nd4 Be3+ 27. Kg2 Bxd4 28. Rxd4 Rxe2+ 29. Rxe2 Rxe2+ 30. Kf1 Bh5 31. Rd7+ Kh6 32. Rxc7 Rxb2 33. Bd5 Be2+ 34. Kg1 a6 35. Rc6+ Kg5 36. Rc3 Rd2 37. Bb3 h6 38. Re3 Kf6 39. Re6+ Kg5 40. Re3 Kf6 41. Re6+ 1/2-1/2

[Event "CZE-chTW U20 1011"]
[Site "Czech Republic"]
[Date "2010.10.02"]
[Round "1.6"]
[White "Saffova, Michaela"]
[Black "Kykal, Vojtech"]
[Result "0-1"]
[WhiteElo "1833"]
[BlackElo "1541"]
[PlyCount "66"]
[EventDate "2010.10.02"]
[EventType "team-tourn"]
[EventRounds "11"]
[EventCountry "CZE"]
[SourceTitle "EXT 2012"]
[Source "ChessBase"]
[SourceDate "2011.11.24"]
[SourceVersion "1"]
[SourceVersionDate "2011.11.24"]
[SourceQuality "1"]
[WhiteTeam "Udlice (U20)"]
[BlackTeam "Horice (U20)"]
[WhiteTeamCountry "CZE"]
[BlackTeamCountry "CZE"]

1. e4 c5 2. c3 Qa5 3. Nf3 Nc6 4. d4 cxd4 5. Nxd4 e6 6. Be3 Nf6 7. b4 Qc7 8. f3 a6 9. Be2 Be7 10. 0-0 0-0 11. a4 d5 12. exd5 Nxd5 13. Bf2 Bf6 14. Qd2 Rd8 15. Rc1 Nf4 16. Be3 Nxd4 17. Bxd4 Bxd4+ 18. Kh1 Nxe2 19. Qxe2 Be5 20. g3 Bd7 21. Ra3 Bc6 22. Nd2 Rd7 23. Nc4 Bf6 24. Kg2 b5 25. Ne3 Rad8 26. Rc2 Rd3 27. h4 Qb6 28. Kf2 Be5 29. f4 Bb8 30. a5 Qb7 31. Kf1 Ba7 32. Ng2 Bxg2+ 33. Qxg2 Rd1+ 0-1

[Event "Teplice op 5th"]
[Site "Teplice"]
[Date "2010.06.16"]
[Round "5"]
[White "Zahour, Ivan"]
[Black "Saffova, Michaela"]
[Result "1-0"]
[WhiteElo "2036"]
[BlackElo "1867"]
[PlyCount "99"]
[EventDate "2010.06.12"]
[EventType "swiss"]
[EventRounds "9"]
[EventCountry "CZE"]
[SourceTitle "CBM 136 Extra"]
[Source "ChessBase"]
[SourceDate "2010.07.02"]
[SourceVersion "2"]
[SourceVersionDate "2010.07.15"]
[SourceQuality "1"]

1. d4 f5 2. Nf3 Nf6 3. g3 g6 4. Bg2 Bg7 5. 0-0 0-0 6. Nbd2 e6 7. c4 Nc6 8. e3 d5 9. Rb1 b6 10. b4 Ne4 11. Nxe4 dxe4 12. Ne1 e5 13. d5 Bb7 14. Nc2 Ne7 15. a4 a5 16. b5 Nc8 17. Ba3 Nd6 18. Qe2 Rf7 19. Na1 Bf8 20. Bb2 Bg7 21. Nb3 g5 22. f3 exf3 23. Bxf3 g4 24. Bg2 Qg5 25. c5 Ne8 26. c6 Bc8 27. Nd2 h5 28. Nc4 e4 29. Bxg7 Qxg7 30. Qb2 Qxb2 31. Rxb2 Nd6 32. Nxd6 cxd6 33. h4 Raa7 34. Kf2 Rac7 35. Ke2 Kg7 36. Kd2 Rfe7 37. Kc3 Re5 38. Kd4 Kg6 39. Rf4 Kg7 40. Rbf2 Kg6 41. Bxe4 Rxe4+ 42. Rxe4 fxe4 43. Rf8 Kg7 44. Rd8 Bf5 45. Rxd6 Re7 46. Rd8 Kf7 47. Rb8 Re8 48. Rxb6 Ra8 49. Ke5 Bc8 50. d6 1-0

[Event "Teplice op 5th"]
[Site "Teplice"]
[Date "2010.06.12"]
[Round "1"]
[White "Jedlicka, Ales"]
[Black "Saffova, Michaela"]
[Result "1-0"]
[WhiteElo "2293"]
[BlackElo "1867"]
[PlyCount "47"]
[EventDate "2010.06.12"]
[EventType "swiss"]
[EventRounds "9"]
[EventCountry "CZE"]
[SourceTitle "CBM 136 Extra"]
[Source "ChessBase"]
[SourceDate "2010.07.02"]
[SourceVersion "2"]
[SourceVersionDate "2010.07.15"]
[SourceQuality "1"]

1. d4 f5 2. g3 Nf6 3. Bg2 d5 4. Nf3 Nc6 5. 0-0 g6 6. c4 Bg7 7. Ne5 0-0 8. Nc3 e6 9. Nxc6 bxc6 10. Bf4 Ba6 11. b3 Qd7 12. Na4 Ne8 13. Nc5 Qc8 14. Rc1 Nd6 15. Be5 Rf7 16. Qd2 h6 17. Qe3 Re7 18. Bxg7 Kxg7 19. cxd5 cxd5 20. Bxd5 Bb7 21. Nxe6+ Kh7 22. Ng5+ hxg5 23. Qxe7+ Kh8 24. Rxc7 1-0

[Event "CZE-ch U16 Girls"]
[Site "Kouty nad Desnou"]
[Date "2010.03.13"]
[Round "9"]
[White "Bartosova, Veronika"]
[Black "Saffova, Michaela"]
[Result "0-1"]
[WhiteElo "1303"]
[BlackElo "1925"]
[PlyCount "106"]
[EventDate "2010.03.06"]
[EventType "swiss"]
[EventRounds "9"]
[EventCountry "CZE"]
[SourceTitle "EXT 2012"]
[Source "ChessBase"]
[SourceDate "2011.11.24"]
[SourceVersion "1"]
[SourceVersionDate "2011.11.24"]
[SourceQuality "1"]

1. e4 e6 2. d4 d5 3. e5 c5 4. Nf3 Nc6 5. c3 Nge7 6. dxc5 Ng6 7. Be3 Ngxe5 8. Nxe5 Nxe5 9. Bd4 Ng6 10. Bd3 a6 11. 0-0 Qg5 12. Be3 Qf6 13. Nd2 Be7 14. Nf3 0-0 15. Bg5 Qxg5 16. Nxg5 Bxg5 17. Qg4 Be7 18. Rae1 Bxc5 19. Qh5 f5 20. b4 Bd6 21. Re3 Nf4 22. Qh4 Bd7 23. c4 Rf6 24. c5 Bc7 25. Rg3 Ng6 26. Rxg6 Rxg6 27. Qe7 Rd8 28. g3 Rf6 29. Re1 Rf7 30. Qh4 Re8 31. g4 Rf6 32. g5 Rg6 33. Be2 Bd8 34. f4 h6 35. Qh5 Kh7 36. Kf2 e5 37. Bd3 e4 38. Bc2 d4 39. Bb3 Rf8 40. Rd1 d3 41. Ke1 Bc7 42. Qh4 a5 43. a3 Bb5 44. a4 Bd7 45. b5 Be6 46. Bxe6 Rxe6 47. Qh5 Bxf4 48. h4 Be3 49. c6 bxc6 50. b6 Bxb6 51. Rd2 Bc5 52. Rg2 Bb4+ 53. Kf1 Rg6 0-1